LEADER 00887nam a2200241 i 4500 001 000000161263 003 CaOOAMICUS 005 20080218000000.0 008 080218s1967 it u000 u ita u 013 $a138626 040 $aSeMil$bita 100 1 $aPensabene, Giuseppe.$0(OLS)http://semarc/name/42566 245 10$aCongiura contro la Chiesa /$cGiuseppe Pensabene. 260 $aRoma :$bGiovanni Volpe,$c1967. 300 $a116 p. ;$c22 cm. 500 $aFondo Card. Giovanni Colombo. 650 4$aChiesa cattolica - Sec. 20.$0(OLS)http://semarc/subject/17547 850 $aSeMil 852 $aSeMil$W1$xVenegono$y1$m3D I 21$j112695$B112695$CSeMilBibl$Z2$F133810 $81 941 1 $a3 961 $aLascito: Colombo Card. Giovanni 996 $6245$aCongiura contro la Chiesa$9(OLS)http://semarc/title/144306 996 $6260$aRoma :$bGiovanni Volpe$9(OLS)http://semarc/publisher/36442 LEADER 00993nam a2200229 i 4500 001 000000191308 003 CaOOAMICUS 005 20100723000000.0 008 100723s1923 it u000 u ita u 013 $a169827 040 $aSeMil$bita 100 1 $aGentile, Giovanni,$d<1875-1944>.$0(OLS)http://semarc/name/1189 245 12$aI neokantiani e gli hegeliani, parte 2 /$cGiovanni Gentile. 260 $aMessina :$bG. Principato,$c1923. 300 $a234 p. ;$c22 cm. 490 0 $aStudi filosofici ;$v10 773 0 $aGentile, Giovanni <1875-1944>$tOrigini della filosofia contemporanea in Italia.$dMessina : G. Principato, 1917.$gVol.3$w()23539 830 0$aStudi filosofici ;$v10.$0(OLS)http://semarc/title/11995 850 $aSeMil 852 $aSeMil$W1$xVenegono$y1$m2O III 42$j141922$B141922$CSeMilBibl$Z2$F153509 $81 996 $6245$aI neokantiani e gli hegeliani, parte 2$9(OLS)http://semarc/title/275659 996 $6260$aMessina :$bG. Principato$9(OLS)http://semarc/publisher/32465 LEADER 00724nam a2200181 i 4500 001 000000055182 003 CaOOAMICUS 005 19970619000000.0 008 970619n xx u000 u por u 013 $a26354 040 $aSeMil$bita 100 1 $aRoriz, Juvenal .$0(OLS)http://semarc/name/27645 245 12$aA educaçao nas Constituiçoes Brasileiras de 1891, 1934, 1937, 1946. 650 4$aBrasile.$0(OLS)http://semarc/subject/8068 650 4$aTesi di laurea.$0(OLS)http://semarc/subject/1690 850 $aSeMil 852 $aSeMil$W1$xVenegono$y1$m2I II 365$j21336$B21336$CSeMilBibl$Z2$F21338 $81 996 $6245$aA educaçao nas Constituiçoes Brasileiras de 1891, 1934, 1937, 1946$9(OLS)http://semarc/title/85548